000 00305nam a22001337a 4500
008 181101b xxu||||| |||| 00| 0 eng d
020 _a0023133406
041 _aeng
080 _29th
_a574
100 _a9
101 _aMJE
245 _aThe Nature and Properties of Soils
_cBrady, N.C
942 _2udc
_cBK
999 _c51527
_d51527